Digital time series analysis (Record no. 4851)
[ view plain ]
| 000 -LEADER | |
|---|---|
| fixed length control field | 00700nam a2200229Ia 4500 |
| 003 - CONTROL NUMBER IDENTIFIER | |
| control field | IN-BaIIA |
| 008 - FIXED-LENGTH DATA ELEMENTS--GENERAL INFORMATION | |
| fixed length control field | 211028s9999 xx 000 0 eng d |
| 020 ## - INTERNATIONAL STANDARD BOOK NUMBER | |
| International Standard Book Number | 0-417-65719-0 |
| 040 ## - CATALOGING SOURCE | |
| Transcribing agency | IIA Library |
| 080 ## - UNIVERSAL DECIMAL CLASSIFICATION NUMBER | |
| Universal Decimal Classification number | 519.246.8 |
| Item number | OTN |
| 100 ## - MAIN ENTRY--PERSONAL NAME | |
| Personal name | Otnes, Robert K |
| 9 (RLIN) | 8660 |
| 245 #0 - TITLE STATEMENT | |
| Title | Digital time series analysis |
| Statement of responsibility, etc. | Robert K. Otens and Loren Enochson |
| 260 ## - PUBLICATION, DISTRIBUTION, ETC. | |
| Place of publication, distribution, etc. | New York |
| Name of publisher, distributor, etc. | John Wiley & Sons |
| Date of publication, distribution, etc. | 1972 |
| 300 ## - PHYSICAL DESCRIPTION | |
| Extent | x, 467p. |
| 490 ## - SERIES STATEMENT | |
| Series statement | Wiley Series in Probability and Mathematical Statistics |
| 650 ## - SUBJECT ADDED ENTRY--TOPICAL TERM | |
| Topical term or geographic name entry element | Statistics |
| 9 (RLIN) | 8661 |
| 650 ## - SUBJECT ADDED ENTRY--TOPICAL TERM | |
| Topical term or geographic name entry element | Stochastic procsses |
| 9 (RLIN) | 8662 |
| 650 ## - SUBJECT ADDED ENTRY--TOPICAL TERM | |
| Topical term or geographic name entry element | Time series analysis |
| 9 (RLIN) | 8663 |
| 650 ## - SUBJECT ADDED ENTRY--TOPICAL TERM | |
| Topical term or geographic name entry element | NASA thesaurus |
| 700 ## - ADDED ENTRY--PERSONAL NAME | |
| Personal name | Enochson, Loren |
| 9 (RLIN) | 8664 |
| 942 ## - ADDED ENTRY ELEMENTS (KOHA) | |
| Koha item type | Books |
| 952 ## - LOCATION AND ITEM INFORMATION (KOHA) | |
| -- | 20.75 |
| Withdrawn status | Lost status | Damaged status | Not for loan | Home library | Current library | Shelving location | Date acquired | Total Checkouts | Full call number | Barcode | Date last seen | Price effective from | Koha item type |
|---|---|---|---|---|---|---|---|---|---|---|---|---|---|
| IIA Library-Bangalore | IIA Library-Bangalore | General Stacks | 27/05/1976 | 519.246.8/ OTN | 5428 | 05/11/2021 | 27/05/1976 | Books |